| 000 | 00362nam a22001577a 4500 | ||
|---|---|---|---|
| 003 | SGT | ||
| 020 | _a978-0-70206992-5 | ||
| 082 |
_a616.024 _bM18I |
||
| 100 | _aINNES, ALASTAIR | ||
| 245 | _aMACLEOD'S CLINICAL EXAMINATION | ||
| 250 | _a14TH | ||
| 260 |
_aINDIA _bELSEVIER PUB _c2018 |
||
| 300 | _a383 | ||
| 650 | _aGENERAL MEDICINE | ||
| 942 |
_2ddc _cBK _022 |
||
| 999 |
_c18683 _d18683 |
||